00521 2200217 4500001002100000005001500021008004100036020001800077035001900095041000700114082001000121090001600131100001600147700001800163700001800181245002600199260002600225300002200251500001000273650002000283INLIS00000000000157420241224112356241224||||||||| | ||| |||| || |  a602-8596-72-8 0010-1224001574 aid0 a371.3 a371.3 DEW l0 aMayang Sari0 aDewi Rossalia0 aYulianiansyah00a99% Lulus UN SMP 2013 aJakartabcmediac2012 axvi,442hm.; 26 cm acet.1 0aIlmu Pendidikan